| 000 | 00762cam a2200241 a 4500 | ||
|---|---|---|---|
| 001 | 000012357 | ||
| 003 | DO-SdBNP | ||
| 005 | 20240510195349.0 | ||
| 008 | 761123s1968 xx 000 0 spa | ||
| 035 | _a(DLC) 70428022 | ||
| 035 | _a(OCoLC)2576230 | ||
| 040 |
_aDO-SdBNP _bspa _cBNPHU _dDLC |
||
| 050 | 0 | 0 |
_aLB41 _b.R696 |
| 082 |
_annn _bR847e |
||
| 100 | 1 |
_aRothschuh Tablada, Guillermo _d1926- _929031 |
|
| 245 | 1 | 0 |
_aEscritos pedagógicos / _cGuillermo Rothschuh Tablada ; prólogo Luis Alberto Cabrales. |
| 260 |
_aJuigalpa, [Nicaragua] : _b[Imprenta Nacional], _c1968. |
||
| 300 |
_a118 p. ; _c22 cm. |
||
| 650 | 4 |
_aEducación _929032 |
|
| 700 | 1 |
_aCabrales, Luis Alberto _epról. _929033 |
|
| 910 | _aCatalogación por copia / LC | ||
| 942 |
_2ddc _cLBS1 |
||
| 999 |
_c12014 _d12014 |
||